[Event "Tourn. n9837"]
[Site "www.echecsemail.com"]
[Date "2018.07.27"]
[Round "1"]
[White "Bigrezi"]
[Black "Hundegana"]
[WhiteElo "2230"]
[BlackElo "2060"]
[Result "1-0"]
[Round "1"]
1.e4 c5
2.Ng1f3 f6
3.Nb1c3 e6
4.d4 cxd4
5.Nf3xd4 Nb8c6
6.Bc1e3 Qd8e7
7.Bf1e2 a6
8.O-O Nc6xd4
9.Qd1xd4 Qe7d6
10.Qd4xd6 Bf8xd6
11.Nc3a4 Bd6c7
12.Na4b6 Bc7xb6
13.Be3xb6 Ng8e7
14.Ra1d1 g6
15.c4 O-O
16.f4 Ne7c6
17.c5 a5
18.Bb6c7 Kf7
19.Rf1f3 a4
20.Be2b5 Ke8
21.Rf3a3 Rf8f7
22.Ra3xa4 Ra8xa4
23.Bb5xa4 f5
24.e5 Nc6b4
25.Bc7a5 Nb4d5
26.Rd1d4 h5
27.Ba4b3 Rf7g7
28.Bb3xd5 exd5
29.h4 Ke7
30.Rd4xd5 Ke6
31.Rd5d6 Ke7
32.Ba5b6 Rg7g8
33.Rd6f6 Ke8
34.Kf2 d5
35.cxd6 Kd7
36.a4 Kc6
37.a5 Bc8d7
38.b4 Kb5
39.e6 Bd7c6
40.d7 Kxb4
41.d8Q Rg8g7
42.Qd8d2 Kb5
43.Qd2d4 Ka6
44.Qd4c4 Bc6b5
45.Qc4c5 Rg7g8
46.Bb6c7 b6
47.Qc5xb6 { resign }
1-0

[Event "Tourn. n9886"]
[Site "www.echecsemail.com"]
[Date "2018.07.27"]
[Round "1"]
[White "Kuriero"]
[Black "Daniel13"]
[WhiteElo "1749"]
[BlackElo "1699"]
[Result "1-0"]
[Round "1"]
1.e4 c5
2.Ng1f3 d6
3.d4 cxd4
4.Nf3xd4 Ng8f6
5.Nb1c3 g6
6.Bc1e3 Bf8g7
7.f3 O-O
8.Qd1d2  { time }
1-0

[Event "1/64 Finale"]
[Site "www.chess-mail.com"]
[Date "2018.07.27"]
[Round "1"]
[White "Cvilhena1976"]
[Black "0vespertine0"]
[WhiteElo "1829"]
[BlackElo "1849"]
[Result "1-0"]
[Round "1"]
1.e4 g6
2.Ng1f3 Bf8g7
3.d4 c5
4.dxc5 Qd8a5
5.c3 Qa5xc5
6.Nb1d2 Nb8c6
7.Nd2b3 Qc5b6
8.Bc1e3 Qb6c7
9.Bf1d3 e6
10.O-O Ng8e7
11.Qd1d2 O-O
12.Be3h6 a6
13.Bh6xg7 Kxg7
14.Ra1d1 d5
15.Rf1e1 dxe4
16.Bd3xe4 Rf8d8
17.Qd2e3 f5
18.Rd1xd8 Qc7xd8
19.Be4xc6 Ne7xc6
20.Nb3d4 Nc6xd4
21.Nf3xd4 Qd8a5
22.Nd4xe6 Bc8xe6
23.Qe3xe6 Qa5b5
24.Re1d1 Ra8e8
25.Rd1d7 { resign }
1-0

[Event "Fast Game"]
[Site "www.echecsemail.com"]
[Date "2018.07.27"]
[Round "1"]
[White "Coolant"]
[Black "Apdash"]
[WhiteElo "1940"]
[BlackElo "1930"]
[Result "0-1"]
[Round "1"]
1.Ng1f3 Nb8c6
2.d4 d5
3.c4 Ng8f6
4.Nb1c3 e6
5.Bc1g5 h6
6.Bg5xf6 gxf6
7.cxd5 exd5
8.Qd1b3 Nc6e7
9.e4 c6
10.exd5 Ne7xd5
11.Bf1c4 Bf8b4
12.O-O Bb4xc3
13.bxc3 b5
14.Rf1e1 Bc8e6
15.Bc4xd5 Qd8xd5
16.Qb3xd5 cxd5
17.a4 bxa4
18.Ra1xa4 Kd7
19.Re1a1 a5
20.Ra4xa5 Ra8c8
21.Ra5a7 Rc8c7
22.Nf3d2 Rh8b8
23.Kf1 Rb8b2
24.Ke2 Rb2c2
25.Ra7xc7 Kxc7
26.Ra1a3 Kd8
27.Kd1 Rc2b2
28.Kc1 Rb2b8
29.Ra3b3 Rb8a8
30.Kb2 h5
31.Rb3b4 Kc7
32.Nd2b3 f5
33.Nb3c5 h4
34.Nc5d3 Ra8g8
35.Nd3f4 Rg8g4
36.g3 hxg3
37.hxg3 Rg4g8
38.Kc2 Rg8h8
39.Kd2 Rh8a8
40.Rb4b5 Ra8a2
41.Ke3 Ra2a3
42.Rb5c5 Kd6
43.Nf4d3 Ra3a1
44.Kf4 { time. }
0-1

[Event "Fast Game"]
[Site "www.echecsemail.com"]
[Date "2018.07.27"]
[Round "1"]
[White "Dougbeer"]
[Black "Coolant"]
[WhiteElo "2110"]
[BlackElo "2000"]
[Result "1-0"]
[Round "1"]
1.e4 Nb8c6
2.d4 d5
3.e5 f6
4.f4 Bc8f5
5.c3 Bf5e4
6.Nb1d2 f5
7.Nd2xe4 fxe4
8.f5 g6
9.fxg6 hxg6
10.Qd1g4 Kf7
11.Ng1h3 Ng8h6
12.Nh3g5 Kg8
13.Qg4e6 Kg7
14.Bf1e2 Nc6b8
15.O-O { time. }
1-0

[Event "Tourn. n9724"]
[Site "www.chess-mail.com"]
[Date "2018.07.28"]
[Round "1"]
[White "Obisporey"]
[Black "Seger"]
[WhiteElo "2600"]
[BlackElo "2770"]
[Result "0-1"]
[Round "1"]
1.e4 c6
2.d4 d5
3.exd5 cxd5
4.Bf1d3 Nb8c6
5.c3 Qd8c7
6.Nb1a3 a6
7.Ng1f3 Bc8g4
8.O-O e6
9.b4 Ng8f6
10.b5 Bf8xa3
11.bxc6 Ba3xc1
12.cxb7 Qc7xb7
13.Ra1xc1 O-O
14.Rf1e1 Ra8c8
15.Re1e3 Rc8c7
16.Qd1c2 Bg4h5
17.Rc1b1 Qb7a7
18.Nf3e5 Bh5g6
19.Ne5xg6 hxg6
20.Rb1b3 Rf8c8
21.Qc2b2 Rc7c6
22.Rb3b7 Qa7a8
23.Rb7b3 Qa8a7
24.Re3f3 Qa7c7
25.Bd3f1 a5
26.Rb3b7 Qc7d8
27.a4 Rc6c7
28.Rb7b3 Qd8d6
29.Rb3b6 Qd6d8
30.Rb6b3 Nf6e4
31.Bf1a6 Rc8a8
32.Ba6e2 Rc7c8
33.Be2b5 Ra8b8
34.Rf3h3 Ne4d6
35.Rh3d3 Nd6xb5
36.Rb3xb5 Rb8xb5
37.axb5 a4
38.Qb2b4 Rc8c4
39.Qb4a3 Qd8a5
40.Qa3d6 Rc4c8
41.b6 Qa5a6
42.Rd3d1 Kh7
43.Rd1b1 a3
44.h3 a2
45.Rb1a1 Rc8xc3
46.Qd6f4 f6
47.Qf4d2 Rc3b3
48.Ra1xa2 Qa6xb6
49.f4 Rb3b4
50.Qd2f2 Qb6xd4
51.Qf2xd4 Rb4xd4
52.Ra2a6 Rd4e4
53.Ra6d6 Kh6
54.g3 g5
55.f5 exf5
56.Rd6xd5 f4
57.g4 Re4a4
58.Rd5d3 Ra4a2
59.Rd3c3 Ra2e2
60.Rc3c1 Re2e3
61.Kg2 Re3e2
62.Kf1 Re2a2
63.Kg1 g6
64.Rc1c6 Ra2a3
65.Kh2 Kg7
66.Rc6c7 Kf8
67.Kg2 Ra3g3
68.Kh2 Rg3e3
69.Kg2 Re3e7
70.Rc7c2 Kf7
71.Rc2c4 Re7e2
72.Kf1 Re2h2
73.Rc4c3 f5
74.Kg1 Rh2e2
75.gxf5 gxf5
76.Rc3c7 Kf6
77.Rc7c6 Re2e6
78.Rc6c4 Ke5
79.Kf2 Re6b6
{ resign }
0-1

[Event "Tourn. n9788"]
[Site "www.chess-mail.com"]
[Date "2018.07.28"]
[Round "1"]
[White "Griffo30"]
[Black "Ssharp"]
[WhiteElo "2230"]
[BlackElo "2180"]
[Result "1-0"]
[Round "1"]
1.d4 d5
2.c4 e6
3.Nb1c3 Ng8f6
4.Bc1g5 Nb8d7
5.Ng1f3 c6
6.e3 Qd8a5
7.Bg5xf6 Nd7xf6
8.a3 Bf8d6
9.Bf1d3 dxc4
10.Bd3xc4 Nf6d5
11.Qd1c2 Nd5xc3
12.bxc3 h6
13.O-O O-O
14.e4 b5
15.Bc4b3 Bc8a6
16.e5 Bd6e7
17.Rf1d1 Ba6b7
18.a4 Qa5c7
19.Qc2e2 a6
20.Bb3c2 g6
21.Qe2e3 Kg7
22.Bc2d3 Ra8d8
23.h3 c5
24.axb5 axb5
25.Bd3xb5 Bb7xf3
26.Qe3xf3 cxd4
27.cxd4 Be7g5
28.Qf3d3 Bg5f4
29.Qd3e4 Bf4g5
30.h4 Bg5e7
31.g3 Rd8d5
32.Ra1c1 Qc7b6
33.Bb5c4 Rd5a5
34.Rc1b1 Qb6d8
35.d5 exd5
36.Bc4xd5 f5
37.exf6 Rf8xf6
38.Rb1b7 Kf8
39.Bd5b3 Rf6d6
40.Qe4f4 Ra5f5
41.Qf4xh6 Ke8
42.Rd1e1 { resign }
1-0

[Event "Tourn. n9790"]
[Site "www.chess-mail.com"]
[Date "2018.07.28"]
[Round "1"]
[White "Greghghs"]
[Black "Danquigley"]
[WhiteElo "2510"]
[BlackElo "2640"]
[Result "0-1"]
[Round "1"]
1.d4 Ng8f6
2.c4 g6
3.g3 Bf8g7
4.Bf1g2 d5
5.cxd5 Nf6xd5
6.e4 Nd5b4
7.d5 c6
8.a3 Nb4a6
9.Nb1c3 O-O
10.Ng1f3 Nb8d7
11.O-O Nd7b6
12.dxc6 bxc6
13.Qd1c2 Bc8g4
14.Rf1d1 Qd8c8
15.Nc3e2 c5
16.Bc1e3 c4
17.Ra1b1 Rf8e8
18.b3 cxb3
19.Qc2xb3 Bg4e6
20.Qb3d3 Na6c5
21.Qd3c2 Nc5a4
22.Rd1c1 Qc8xc2
23.Rc1xc2 Be6c4
24.Rb1b4 Bc4d3
25.Rc2d2 Bd3c4
26.e5 Ra8c8
27.Nf3d4 Bg7xe5
28.Nd4c6 Be5d6
29.Rb4xa4 Nb6xa4
30.Nc6xa7 Rc8c7
31.Bg2c6 Rc7xc6
32.Na7xc6 Bd6xa3
33.Nc6e5 Bc4a6
34.Rd2a2 Ba3d6
35.Ra2xa4 Ba6xe2
36.Ne5c4 Bd6b8
37.Nc4d2 f6
38.h3 Kf7
39.Kg2 Be2b5
40.Ra4a2 h5
41.f3 Re8c8
42.Kf2 Bb5d7
43.g4 g5
44.Nd2e4 h4
45.Ra2d2 Bd7e8
46.Ke2 Be8c6
47.Kf2 Bc6xe4
48.fxe4 Bb8f4
49.Be3xf4 gxf4
50.Rd2d3 Kg6
51.Rd3a3 Rc8c2
52.Kf1 e5
53.Ra3a4 Rc2c3
{ resign }
0-1

[Event "Match"]
[Site "www.echecsemail.com"]
[Date "2018.07.28"]
[Round "1"]
[White "Llord"]
[Black "Kipik"]
[WhiteElo "1940"]
[BlackElo "1920"]
[Result "1/2-1/2"]
[Round "1"]
1.e4 c5
2.Bf1c4 Nb8c6
3.Ng1f3 Ng8f6
4.Nb1c3 e6
5.O-O Nf6xe4
6.Nc3xe4 d5
7.Bc4d3 c4
8.Bd3xc4 dxe4
9.Nf3e1 Bf8d6
10.d3 O-O
11.g3 Nc6a5
12.Bc4b3 Na5xb3
13.axb3 exd3
14.Qd1xd3 Qd8c7
15.Ne1f3 e5
16.Nf3g5 g6
17.Ra1a4 Rf8d8
18.Ra4h4 Bd6e7
19.Qd3e3 Bc8f5
20.Rh4c4 Qc7b8
21.g4 b5
22.Rc4c3 Bf5xg4
23.Qe3g3 Bg4e2
24.Rf1e1 Be7xg5
25.Bc1xg5 Rd8d1
26.Re1xd1 Be2xd1
27.Bg5f6 e4
28.Qg3h3 b4
29.Qh3h6 Qb8f8
30.Qh6xf8 Kxf8
31.Rc3c4 a5
32.Rc4xe4 Bd1xc2
33.Bf6e7 Kg8
34.Re4e3 a4
35.bxa4 Ra8xa4
36.Be7f6 Kf8
37.Re3e5 b3
38.Re5b5 Ra4a8
39.Kg2 h5
40.Kf3 Ke8
41.Rb5e5 { draw }
1/2-1/2

[Event "Tourn. n9902"]
[Site "www.echecsemail.com"]
[Date "2018.07.28"]
[Round "1"]
[White "Grischuk2789"]
[Black "Seger"]
[WhiteElo "2430"]
[BlackElo "2850"]
[Result "1/2-1/2"]
[Round "1"]
1.d4 d5
2.c4 c5
3.cxd5 Qd8xd5
4.Ng1f3 cxd4
5.Nb1c3 Qd5a5
6.Nf3xd4 Ng8f6
7.Bc1d2 e5
8.Nd4b5 Qa5d8
9.Bd2e3 Bc8d7
10.g3 Bd7xb5
11.Qd1xd8 Kxd8
12.Nc3xb5 Bf8b4
13.Be3d2 Nb8c6
14.Bf1g2 Ke7
15.Bd2xb4 Nc6xb4
16.O-O { draw }
1/2-1/2

[Event "Match"]
[Site "www.echecsemail.com"]
[Date "2018.07.28"]
[Round "1"]
[White "Eeze"]
[Black "Tonino1"]
[WhiteElo "1879"]
[BlackElo "2020"]
[Result "0-1"]
[Round "1"]
1.e4 d6
2.h3 Ng8f6
3.d3 g6
4.Bf1e2 Bf8g7
5.c3 O-O
6.Ng1f3 e5
7.Bc1g5 Bc8e6
8.d4 h6
9.d5 Be6d7
10.Bg5xf6 Bg7xf6
11.Nb1d2 Bf6g7
12.b4 f5
13.b5 f4
14.c4 Bd7e8
15.a4 Nb8d7
16.Nd2b3 b6
17.Qd1d3 Nd7c5
18.Nb3xc5 dxc5
19.O-O-O a6
20.Rd1d2 axb5
21.Rd2a2 bxa4
22.Be2d1 Qd8d7
23.Bd1b3 Be8f7
24.Bb3c2 Ra8a5
25.Kd2 Rf8a8
26.Ra2a3 Bf7e8
27.Rh1b1 g5
28.Nf3g1 h5
29.f3 Bg7f8
30.Qd3f1 b5
31.cxb5 c4
32.Ra3a2 Ra5xb5
33.Qf1xc4 Rb5xb1
34.Bc2xb1 Qd7b5
35.Bb1d3 Qb5xc4
36.Bd3xc4 Bf8d6
37.Kd3 Kg7
38.Ng1e2 Ra8b8
39.Kc2 Be8d7
40.Ne2c3 Rb8a8
41.Bc4b5 Bd7xb5
42.Nc3xb5 Bd6b4
43.Nb5c3 Ra8a5
44.Nc3xa4 Kg6
45.Kb3 Bb4d6
46.Na4c3 Ra5xa2
47.Kxa2 g4
48.hxg4 hxg4
49.Kb3 gxf3
50.gxf3 Kh5
51.Nc3b5 Kh4
52.Nb5xd6 cxd6
53.Kb4 Kg3
54.Kb5 Kxf3
55.Kc6 Kxe4
56.Kxd6 f3
57.Ke6 f2
58.d6 f1Q
59.d7 Qf1d3
60.Ke7 Kf5
61.d8Q Qd3xd8
62.Kf7 Qd8d7
63.Kf8 Kf6
64.Kg8 Qd7g7
{ resign }
0-1

[Event "Match"]
[Site "www.echecsemail.com"]
[Date "2018.07.28"]
[Round "1"]
[White "Bjonil60"]
[Black "Guillaumefi"]
[WhiteElo "1500"]
[BlackElo "1780"]
[Result "0-1"]
[Round "1"]
1.d4 Ng8f6
2.e3 d5
3.Qd1e2 Bc8f5
4.Nb1d2 Bf5xc2
5.Nd2f3 Bc2e4
6.Nf3d2 Be4g6
7.b3 e6
8.g3 Nf6e4
9.Nd2xe4 Bg6xe4
10.f3 Be4g6
11.f4 Nb8c6
12.Bc1b2 Bf8b4
13.Kf2 Qd8f6
14.Ng1h3 h6
15.a3 Bb4d6
16.b4 e5
17.dxe5 Nc6xe5
18.Ra1d1 Ne5g4
19.Qe2xg4 Qf6xb2
20.Bf1e2 Qb2xa3
21.Rd1d4 O-O
22.Be2b5 a6
23.Bb5d7 Qa3b2
24.Kf3 Bg6e4
25.Rd4xe4 { time. }
0-1

[Event "Tourn. n9854"]
[Site "www.echecsemail.com"]
[Date "2018.07.28"]
[Round "1"]
[White "Ztornad"]
[Black "Cal"]
[WhiteElo "1690"]
[BlackElo "1790"]
[Result "1-0"]
[Round "1"]
1.e4 e5
2.Bf1c4 Ng8f6
3.Qd1f3 a6
4.Nb1c3 h6
5.Nc3d5 Bf8e7
6.Nd5xe7 Qd8xe7
7.a4 c6
8.b3 d6
9.h3 Nb8d7
10.Bc1b2 O-O
11.d4 exd4
12.Bc4d3 Nd7e5
13.Qf3e2 c5
14.Ng1f3 Ne5xf3
15.gxf3 Nf6h5
16.Bb2c1 b6
17.Bc1xh6 gxh6
18.Rh1g1 Kh8
19.Bd3c4 Bc8xh3
20.O-O-O Nh5f4
21.Qe2d2 Qe7e5
22.Bc4f1 Bh3xf1
23.Rd1xf1 h5
24.Rg1h1 Rf8g8
25.Rh1h4 d3
26.Kb1 dxc2
27.Kxc2 Rg8g5
28.Rh4xf4 f6
29.Rf4f5 Rg5xf5
30.Qd2h6 Kg8
31.Qh6g6 Kf8
32.Qg6xf5 Qe5d4
33.Qf5d5 Qd4b4
34.Rf1g1 Qb4d4
35.Qd5g8 Ke7
36.Rg1g7 { resign }
1-0

[Event "Match"]
[Site "www.echecsemail.com"]
[Date "2018.07.28"]
[Round "1"]
[White "Pinehill"]
[Black "Fegatux"]
[WhiteElo "2100"]
[BlackElo "2310"]
[Result "1-0"]
[Round "1"]
1.e4 e5
2.d4 exd4
3.Bf1c4 Nb8c6
4.Ng1f3 Ng8f6
5.e5 d5
6.Bc4b5 Nf6d7
7.Bb5xc6 bxc6
8.Qd1xd4 Bf8c5
9.Qd4f4 O-O
10.O-O Bc8a6
11.Rf1e1 Ra8b8
12.e6 fxe6
13.Qf4g3 Bc5d6
14.Qg3h3 Nd7f6
15.Re1xe6 Ba6c8
16.Nf3g5 Rf8e8
17.Re6xe8  { time }
1-0

[Event "Tourn. n9860"]
[Site "www.echecsemail.com"]
[Date "2018.07.28"]
[Round "1"]
[White "Ssharp"]
[Black "Estonia"]
[WhiteElo "2200"]
[BlackElo "2000"]
[Result "1-0"]
[Round "1"]
1.e4 c5
2.Ng1f3 e6
3.c3 d5
4.e5 Nb8c6
5.d4 cxd4
6.cxd4 Bf8b4
7.Bc1d2 Ng8e7
8.Bf1d3 Qd8b6
9.a3 Bb4xd2
10.Qd1xd2 Nc6xd4
11.Nf3xd4 Bc8d7
12.Nd4f3 Ra8c8
13.O-O O-O
14.Nb1c3 f5
15.exf6 Rf8xf6
16.Nf3e5 Bd7e8
17.b4 Qb6c7
18.Ne5g4 Rf6f8
19.Ra1c1 Qc7b8
20.Qd2g5 Be8g6
21.Bd3xg6 Ne7xg6
22.Nc3e2 Rc8xc1
23.Rf1xc1 Rf8f5
24.Qg5e3 h5
25.Qe3xe6 Kh7
26.Qe6xf5 { resign }
1-0

[Event "Match"]
[Site "www.echecsemail.com"]
[Date "2018.07.28"]
[Round "1"]
[White "Joskomol"]
[Black "Bjonil60"]
[WhiteElo "1809"]
[BlackElo "1490"]
[Result "1-0"]
[Round "1"]
1.e4 Nb8c6
2.Ng1f3 e6
3.c3 Qd8e7
4.d4 a6
5.d5 Nc6a7
6.Bc1g5 f6
7.Bg5e3 e5
8.c4 c6
9.Nb1c3 cxd5
10.Nc3xd5 Qe7e6
11.Nd5c7 Ke7
12.Nc7xe6 dxe6
13.c5 Kf7
14.Nf3d2 g6
{ time. }
1-0

[Event "Match"]
[Site "www.echecsemail.com"]
[Date "2018.07.28"]
[Round "1"]
[White "Luzhin"]
[Black "Daniel13"]
[WhiteElo "2510"]
[BlackElo "1699"]
[Result "1-0"]
[Round "1"]
1.e4 d6
2.d4 Ng8f6
3.Nb1c3 g6
4.Ng1f3 Bf8g7
5.Bf1e2 O-O
6.O-O c6
7.a4 Bc8g4
8.h3  { time }
1-0

[Event "Match"]
[Site "www.echecsemail.com"]
[Date "2018.07.28"]
[Round "1"]
[White "Daniel13"]
[Black "Pinehill"]
[WhiteElo "1699"]
[BlackElo "2060"]
[Result "0-1"]
[Round "1"]
1.Ng1f3 Ng8f6
2.d4 d5
3.Bc1f4 h6
4.e3 e6
5.Bf1e2 Bf8d6
6.Bf4xd6 Qd8xd6
7.c3 O-O
 { time }
0-1

[Event "Match"]
[Site "www.echecsemail.com"]
[Date "2018.07.28"]
[Round "1"]
[White "Daniel13"]
[Black "Fangshuo"]
[WhiteElo "1699"]
[BlackElo "2060"]
[Result "0-1"]
[Round "1"]
1.f4 d5
2.Ng1f3 e6
3.e3 Ng8f6
4.b3 Bf8b4
5.Bc1b2 O-O
6.a3 Bb4a5
7.Bf1e2 c5
8.O-O Nb8c6
 { time }
0-1

[Event "Match"]
[Site "www.echecsemail.com"]
[Date "2018.07.28"]
[Round "1"]
[White "Daniel13"]
[Black "Jackbauer"]
[WhiteElo "1699"]
[BlackElo "1780"]
[Result "0-1"]
[Round "1"]
1.e4 c5
2.c3 Nb8c6
3.d4 e6
4.Ng1f3 a6
5.Bf1e2 Ng8f6
6.e5 Nf6d5
7.O-O Bf8e7
 { time }
0-1

[Event "Match"]
[Site "www.echecsemail.com"]
[Date "2018.07.28"]
[Round "1"]
[White "Libiesse"]
[Black "Apdash"]
[WhiteElo "1950"]
[BlackElo "1840"]
[Result "0-1"]
[Round "1"]
1.Ng1f3 d5
2.d4 Ng8f6
3.c4 dxc4
4.Qd1a4 Nb8c6
5.Qa4xc4 e6
6.Bc1g5 Bf8b4
7.Bg5d2 Bb4xd2
8.Nf3xd2 Qd8xd4
9.Nb1c3 Qd4xc4
10.Nd2xc4 Nc6b4
11.O-O-O Nf6g4
12.f3 Ng4f2
13.Nc3b5 Nb4a6
14.e3 Bc8d7
 { time }
0-1

[Event "Tourn. n9888"]
[Site "www.echecsemail.com"]
[Date "2018.07.28"]
[Round "1"]
[White "Cathar"]
[Black "Paulsyd"]
[WhiteElo "2410"]
[BlackElo "2590"]
[Result "0-1"]
[Round "1"]
1.Ng1f3 Ng8f6
2.g3 g6
3.Bf1g2 Bf8g7
4.O-O O-O
5.d3 d5
6.Nb1d2 c5
7.e4 Nb8c6
8.Rf1e1 e5
9.c3 h6
10.a3 Bc8e6
11.b4 dxe4
12.dxe4 a6
13.Qd1c2 Ra8c8
14.Ra1b1 cxb4
15.axb4 Nf6d7
16.Qc2d3 Nd7b6
17.Qd3xd8 Rf8xd8
18.Bc1b2 Nc6a7
19.Nd2f1 Na7b5
20.Rb1c1 Nb6a4
21.Bb2a1 Nb5xc3
{ resign }
0-1

[Event "Match"]
[Site "www.echecsemail.com"]
[Date "2018.07.28"]
[Round "1"]
[White "Caspito"]
[Black "Alekpax"]
[WhiteElo "1950"]
[BlackElo "2400"]
[Result "0-1"]
[Round "1"]
1.e4 e5
2.Ng1e2 Bf8c5
3.c3 d5
4.d4 exd4
5.cxd4 Bc5b6
6.e5 Nb8c6
7.Nb1c3 Ng8e7
8.Bc1g5 O-O
9.g3 Bc8g4
10.Qd1d3 Nc6b4
11.Qd3d2 Bg4f5
12.Bf1g2 f6
13.exf6 gxf6
14.Bg5h6 Nb4c2
15.Kf1 Nc2xa1
16.Ne2f4 Rf8f7
17.Nc3xd5 c6
18.Nd5xe7 Rf7xe7
19.d5 Na1c2
20.f3 Nc2e3
21.Kf2 Ne3xd5
{ resign }
0-1

[Event "Match"]
[Site "www.echecsemail.com"]
[Date "2018.07.28"]
[Round "1"]
[White "Grischuk2789"]
[Black "Aperturaf"]
[WhiteElo "2390"]
[BlackElo "2740"]
[Result "1/2-1/2"]
[Round "1"]
1.c4 e6
2.Nb1c3 d5
3.d4 Ng8f6
4.Bc1g5 Nb8d7
5.cxd5 exd5
6.e3 Bf8e7
7.Ng1f3 c6
8.Ra1c1 Nf6e4
9.Nc3xe4 dxe4
10.Bg5xe7 Qd8xe7
11.Nf3d2 O-O
12.Qd1c2 Rf8e8
13.Bf1c4 Nd7f6
14.O-O Bc8d7
15.a3 { draw }
1/2-1/2

[Event "Tourn. n9888"]
[Site "www.echecsemail.com"]
[Date "2018.07.28"]
[Round "1"]
[White "Coolant"]
[Black "Paulsyd"]
[WhiteElo "2370"]
[BlackElo "2590"]
[Result "0-1"]
[Round "1"]
1.Nb1c3 d5
2.d4 Ng8f6
3.f3 c5
4.e4 e6
5.Bc1g5 Qd8b6
6.Bg5xf6 gxf6
7.Bf1b5 Bc8d7
8.Bb5xd7 Nb8xd7
9.Ng1e2 dxe4
10.fxe4 cxd4
11.Qd1xd4 Bf8c5
12.Qd4a4 Bc5f2
13.Kf1 O-O-O
14.Ra1d1 Nd7e5
15.Qa4b3 Qb6e3
16.h4 Bf2g3
17.Ne2xg3 Qe3f4
18.Kg1 Qf4xg3
19.Rd1xd8 Rh8xd8
20.Rh1h3 Qg3e1
21.Kh2 Ne5g4

0-1

[Event "Match"]
[Site "www.echecsemail.com"]
[Date "2018.07.28"]
[Round "1"]
[White "Fegatux"]
[Black "Add"]
[WhiteElo "2340"]
[BlackElo "2250"]
[Result "0-1"]
[Round "1"]
1.e4 e5
2.Ng1f3 d6
3.Bf1c4 h6
4.O-O Ng8f6
5.d4 Qd8e7
6.Rf1e1 Bc8g4
7.c3 Nb8d7
8.Qd1d3 Nd7b6
9.Bc4b3 Nf6d7
10.a4 Bg4e6
11.d5 Be6g4
12.Bb3d1 Nd7c5
13.Qd3b5 Bg4d7
14.Qb5f1 Nc5xa4
15.b4 a6
16.c4 c5
17.bxc5 Na4xc5
18.Bc1a3 Nb6a4
19.Bd1xa4 Nc5xa4
 { time }
0-1

[Event "Match"]
[Site "www.echecsemail.com"]
[Date "2018.07.28"]
[Round "1"]
[White "Darknight"]
[Black "Ztornad"]
[WhiteElo "1910"]
[BlackElo "1720"]
[Result "1-0"]
[Round "1"]
1.e4 e5
2.Bf1c4 Ng8h6
3.d3 Bf8b4
4.c3 Bb4c5
5.h3 f5
6.Qd1h5 Ke7
7.Bc1xh6 Qd8f8
8.Bh6e3 Bc5xe3
9.fxe3 g6
10.Qh5g5 Kd6
11.Ng1f3 Nb8c6
12.Nb1d2 f4
13.Bc4b5 Qf8e7
14.exf4 Qe7xg5
15.Nf3xg5 Ke7
16.Nd2c4 a6
17.Bb5xc6 bxc6
18.Nc4xe5 a5
19.a3 Bc8b7
20.O-O-O d6
21.Ne5c4 Kf6
22.h4 Bb7c8
23.Nc4e3 Ke7
24.d4 Bc8a6
25.c4 Ra8f8
26.g3 Ba6b7
27.Rh1e1 h6
28.Ng5f3 g5
29.hxg5 d5
30.exd5 cxd5
31.cxd5 hxg5
32.Nf3xg5 Kf6
33.Ng5e6 Rf8c8
34.g4 Rh8h3
35.g5 Kf7
36.Rd1d2 c6
37.Ne6c5 Bb7a8
38.d6 Rc8h8
39.f5 Rh3g3
40.g6 Kg7
41.Rd2f2 Kh6
42.Ne3c4 Rg3d3
43.Nc5xd3 Kg7
44.Nd3c5 Rh8h4
45.Re1d1 Rh4h8
46.Rd1e1 Kf6
47.d7 Ba8b7
48.Nc5xb7 Rh8b8
49.Nc4d6 Rb8h8
50.Nd6e8 Kg5
51.d8Q Kg4
52.Ne8f6 Kg3
53.Nf6e4 Kh3
54.Qd8xh8 Kg4
55.Re1g1 
1-0

[Event "Match"]
[Site "www.echecsemail.com"]
[Date "2018.07.28"]
[Round "1"]
[White "Aperturaf"]
[Black "Gidgud"]
[WhiteElo "2740"]
[BlackElo "2279"]
[Result "1-0"]
[Round "1"]
1.e4 e6
2.d4 d5
3.Bf1d3 dxe4
4.Bd3xe4 Ng8f6
5.Be4f3 Bf8e7
6.Nb1c3 O-O
7.Ng1e2 c6
8.O-O Nb8d7
9.Bc1f4 Nd7b6
10.h3 Nb6d5
11.Bf4g3 Be7d6
12.Bg3h4 Bd6e7
13.Rf1e1 Qd8c7
14.Nc3b1 h6
15.c4 Nd5b6
16.Bh4g3 Qc7d8
17.Qd1d3 Be7b4
18.Nb1c3 Nb6d7
19.a3 Bb4e7
20.Ra1d1 Rf8e8
21.Ne2c1 Nd7f8
22.Qd3e3 Be7d6
23.Bg3xd6 Qd8xd6
24.Nc1d3 Nf8g6
25.Nc3e4 Nf6xe4
26.Bf3xe4 Ng6e7
27.Nd3e5 Re8f8
28.Be4c2 Qd6c7
29.Qe3g3 f6
30.Qg3d3 fxe5
31.Qd3h7 Kf7
32.dxe5 Bc8d7
33.Re1e3 Rf8h8
34.Bc2g6 Ne7xg6
35.Re3f3 Ke7
36.Qh7xg7 Kd8
37.Rf3f7 { resign }
1-0

[Event "Tourn. n9804"]
[Site "www.echecsemail.com"]
[Date "2018.07.28"]
[Round "1"]
[White "Szustan"]
[Black "Pdebonis"]
[WhiteElo "2630"]
[BlackElo "2690"]
[Result "0-1"]
[Round "1"]
1.e4 e5
2.Ng1f3 Nb8c6
3.Nb1c3 Ng8f6
4.d4 exd4
5.Nc3d5 Nc6b4
6.Bf1c4 Nb4xd5
7.exd5 Bf8b4
8.Bc1d2 Qd8e7
9.Kf1 Bb4c5
10.Qd1e1 b5
11.Bc4d3 Nf6xd5
12.Qe1xe7 Kxe7
13.Ra1e1 Kf8
14.Bd3xb5 Ra8b8
15.Bb5c4 Nd5b4
16.a3 Nb4xc2
17.Re1c1 Rb8xb2
18.Bc4d3 Bc5xa3
19.Bd3xc2 Rb2a2
20.Ke2 Ba3xc1
21.Rh1xc1 c5
22.Bc2d3 d6
23.Nf3xd4 Ke7
24.Nd4f5 Bc8xf5
25.Bd3xf5 Rh8b8
26.Ke1 Rb8b2
27.Bd2e3 a5
28.Bf5e4 h6
29.g3 g5
30.h3 Rb2b4
31.Be4d5 Ra2b2
32.Rc1c3 f5
33.Kf1 a4
34.Kg2 Rb2b1
35.Bd5g8 f4
36.gxf4 gxf4
37.Be3c1 Rb4d4
38.Bg8a2 Rb1a1
39.Rc3c2 d5
40.Bc1a3 f3
41.Kh2 Rd4d1
42.Kg3 Ke6
{ resign }
0-1

[Event "Match"]
[Site "www.echecsemail.com"]
[Date "2018.07.28"]
[Round "1"]
[White "Daniel13"]
[Black "Gambitmiau"]
[WhiteElo "1699"]
[BlackElo "1980"]
[Result "0-1"]
[Round "1"]
1.e4 Nb8c6
2.Ng1f3 d5
3.exd5 Qd8xd5
4.d4 Bc8g4
5.Bf1e2 O-O-O
6.c3 Bg4xf3
7.Be2xf3 Qd5g5
 { time }
0-1

[Event "1/128 Finale"]
[Site "www.chess-mail.com"]
[Date "2018.07.28"]
[Round "1"]
[White "Bojan"]
[Black "Hennie4820"]
[WhiteElo "2020"]
[BlackElo "2070"]
[Result "1-0"]
[Round "1"]
1.e4 c5
2.Ng1f3 e6
3.d4 cxd4
4.Nf3xd4 Ng8f6
5.e5 Qd8a5
6.c3 Qa5xe5
7.Bf1e2 Bf8c5
8.f3 Nb8c6
9.Nd4xc6 bxc6
10.Nb1d2 d5
11.Nd2b3 Bc5b6
12.Qd1d3 O-O
13.g3 c5
14.Bc1f4 Qe5h5
15.Bf4d6 Rf8d8
16.f4 Qh5g6
17.Qd3xg6 hxg6
18.Bd6e5 Bc8b7
19.Be2f3 Nf6e4
20.O-O-O Ne4f2
21.c4 Nf2e4
22.Rh1e1 f6
23.Bf3xe4 dxe4
24.Be5c3 Kf7
25.Re1e2 Rd8xd1
26.Kxd1 Ra8d8
27.Kc2 f5
28.Bc3d2 Kf6
29.Bd2e3 Rd8c8
30.Re2d2 Rc8c7
31.Nb3c1 e5
32.Rd2d6 Kf7
33.fxe5 Rc7e7
34.Be3g5 Re7c7
35.Nc1e2 Bb7c8
36.Ne2f4 Rc7e7
37.Bg5xe7 Kxe7
38.Nf4d5 { resign }
1-0

[Event "Fast Game"]
[Site "www.echecsemail.com"]
[Date "2018.07.28"]
[Round "1"]
[White "Madz123456"]
[Black "Apdash"]
[WhiteElo "1799"]
[BlackElo "1940"]
[Result "1-0"]
[Round "1"]
1.e4 c5
2.Ng1f3 d6
3.d4 cxd4
4.Nf3xd4 Nb8c6
5.Nb1c3 g6
6.Bc1e3 Bf8g7
7.Qd1d2 Ng8f6
8.f3 O-O
9.O-O-O Nc6xd4
10.Be3xd4 a6
11.h4 b5
12.h5 Nf6xh5
13.Bd4xg7 Kxg7
14.g4 Nh5f6
15.Qd2h6 Kg8
16.Nc3d5 Rf8e8
17.e5 dxe5
18.g5 Bc8b7
19.gxf6 { resign }
1-0

[Event "Tourn. n9888"]
[Site "www.echecsemail.com"]
[Date "2018.07.29"]
[Round "1"]
[White "Coolant"]
[Black "Alekpax"]
[WhiteElo "2370"]
[BlackElo "2360"]
[Result "0-1"]
[Round "1"]
1.f4 Ng8f6
2.Ng1f3 d5
3.d4 c5
4.e3 Nb8c6
5.c3 g6
6.Bf1d3 Bf8g7
7.Nb1d2 O-O
8.O-O Qd8b6
9.Nf3e5 Rf8d8
10.Qd1f3 Bc8f5
11.Bd3xf5 gxf5
12.Qf3h3 e6
13.Rf1f3 Rd8c8
14.Rf3g3 cxd4
15.Ne5xc6 dxc3
16.Nc6e7 Kh8
17.Ne7xc8 cxd2
18.Nc8xb6 d1Q
19.Kf2 Nf6e4

0-1

[Event "Tourn. n9853"]
[Site "www.echecsemail.com"]
[Date "2018.07.29"]
[Round "1"]
[White "Tonino1"]
[Black "Tartan"]
[WhiteElo "2250"]
[BlackElo "2510"]
[Result "0-1"]
[Round "1"]
1.d4 Ng8f6
2.f4 b6
3.e3 Bc8b7
4.Ng1f3 e6
5.Bf1d3 c5
6.O-O Bf8e7
7.c3 O-O
8.Nb1d2 d5
9.Nf3e5 Qd8c7
10.g4 Nb8d7
11.g5 Nd7xe5
12.fxe5 Nf6e4
13.h4 Ne4g3
14.Rf1f4 c4
15.Bd3c2 Ng3f5
16.Bc2xf5 exf5
17.Rf4xf5 Qc7c6
18.Qd1e1 Qc6g6
19.Rf5f2 f6
20.exf6 gxf6
21.Nd2f3 fxg5
22.hxg5 Qg6h5
23.Qe1e2 Qh5g4
24.Kf1 Be7d6
25.e4 dxe4
26.Nf3h2 Rf8xf2
27.Kxf2 Qg4g3
28.Kf1 Ra8f8
{ resign }
0-1

[Event "Tourn. n9845"]
[Site "www.echecsemail.com"]
[Date "2018.07.29"]
[Round "1"]
[White "Rons"]
[Black "Tartan"]
[WhiteElo "2650"]
[BlackElo "2510"]
[Result "1-0"]
[Round "1"]
1.e4 e6
2.d4 d5
3.Nb1d2 c5
4.exd5 Qd8xd5
5.Ng1f3 cxd4
6.Bf1c4 Qd5d6
7.O-O Ng8f6
8.Nd2b3 Nb8c6
9.Nb3xd4 Nc6xd4
10.Nf3xd4 a6
11.Rf1e1 Qd6c7
12.Bc4b3 Bf8d6
13.Nd4f5 Bd6xh2
14.Kh1 O-O
15.Nf5xg7 Kxg7
16.Qd1d4 Bh2d6
17.Bc1h6 Kg6
18.Re1e3 Nf6h5
19.Bh6xf8 Bd6xf8
20.Qd4g4 Kh6
21.Re3h3 Qc7c5
22.Qg4g8 Bf8g7
23.g4 Qc5d4
24.Ra1g1 Qd4f4
25.Rh3xh5 Kg6
26.Rh5f5 Qf4h6
27.Kg2 exf5
28.Rg1h1 Qh6xh1
29.Kxh1 f6
30.Qg8f7 Kg5
31.Qf7xg7 Kf4
32.Qg7xf6 { resign }
1-0